Normal view
MARC view
Entry Término temático
001 - NÚMERO DE CONTROL
- campo de control: 20764
003 - IDENTIFICADOR DEL NÚMERO DE CONTROL
- campo de control: FranzMayer
005 - FECHA Y HORA DE LA ÚLTIMA TRANSACCIÓN
- campo de control: 20190320210225.0
008 - DATOS DE LONGITUD FIJA
- campo de control de longitud fija: 190320|| aca||aabn | a|a d
040 ## - FUENTE DE LA CATALOGACIÓN
- Centro catalogador/agencia de origen: FranzMayer
- Centro/agencia transcriptor: FranzMayer
150 ## - ENCABEZAMIENTO--TÉRMINO DE MATERIA
- Término de materia o nombre geográfico como elemento de entrada: Atlas
- Subdivisión de forma: Trabajos anteriores a 1800
670 ## - FUENTE DE DATOS ENCONTRADOS
- Cita de la fuente: Work cat.: (FranzMayer): Seutteri, Matthaei 1678-1756 20763, Atlas minor praecipua orbis terrarum imperia regna et provincias germaniae potissimum tabellis 66 exacte delineatis fiftens usui militiae ductum ae peregrinantium maxime accommodatus opera, [173?]